Sociální psychologie
Uložené v:
| Hlavný autor: | |
|---|---|
| Médium: | Kniha |
| Jazyk: | Czech |
| Vydavateľské údaje: |
Praha
Svoboda
1970
|
| Edícia: | Sociologická knižnice
|
| Tagy: |
Žiadne tagy, Buďte prvý, kto otaguje tento záznam!
|
MARC
| LEADER | 00000nam a2200000 4500 | ||
|---|---|---|---|
| 001 | c130352 | ||
| 005 | 20230105083807.0 | ||
| 041 | 0 | |a cze | |
| 044 | |a CZ | ||
| 245 | 1 | 0 | |a Sociální psychologie |c Milan Nakonečný |
| 264 | 1 | |a Praha |b Svoboda |c 1970 | |
| 300 | |a 394 s. | ||
| 490 | 1 | |a Sociologická knižnice | |
| 830 | 0 | |a Sociologická knižnice | |
| 100 | 1 | |a Nakonečný, Milan | |